Регионална библиотека "Любен Каравелов" - Русе

Тайната на сътворението (Запис номер 87133)

MARC детайли
000 -Лидер
Контролно поле с фиксирана дължина 01354nam a2200337 c 4500
003 - Код на организацията, давaща контролен номер
Контролно поле BLK
005 - Дата и час на последна редакция
Контролно поле 20240910161432.0
008 - Елементи от данни с фиксирана дължина
fixed length control field 180408b bul|||||r ||||||| ||bul||
010 ## - Наследен системен номер
LC control number KNG00091763000
020 ## - Международен стандартен номер на книга ISBN
Международен стандартен номер на книга ISBN 978-954-733-636-0
-- издат.: Прозорец
040 ## - Източник на каталожния запис
Идентификатор на билиотеката - собственик на записа BLK
041 ## - Код за език
Код за езика на текст/звукозапис или на отделно заглавие Български
Код за езика КДБФ Български
080 ## - УДК
Текстов определител УДК Английска литература
УДК код - определител по УДК 821.111
УДК определител -312.4
УДК - код + определител 821.111-312.4
100 1# - Редна дума - Автор
Автор Нокс, Том
Авторска отговорност първи автор
Автор - информация (биография) Томас, Шон
R(LIN) 302606
139 ## - Редно поле
Редна дума Нокс, Том
Авторски знак Нои - Н 88
245 10 - Сведения за заглавието
Заглавие Тайната на сътворението
Подзаглавни данни Роман
Редно поле (дума) Том Нокс; прев. Христо Димитров.
257 ## - Страна на издаване
Страна на създаване/издаване Великобритания
260 ## - Област на издателските данни
-- София
Име на издателя, разпространителя и проч. Прозорец
Година на издаване 2009
Печатница София : Инвестпрес
300 ## - Физическа характеристика
Страници 384 с.
Размери/Мащаб 20 см
380 ## - Жанр
Жанр Худож. лит.
500 ## - Общи забележки
Забележка Ориг. загл. The Genesis Secret / Tom Knox. -Том Нокс - псевд. на Шон Томас. - Офс. изд.
653 ## - Ключова дума – ненормативна
Ключова дума трилъри
653 ## - Ключова дума – ненормативна
Ключова дума романи
700 1# - Други автори (авторска отговорност)
Лично име Димитров, Христо
Автороска отговорност (Описва отношението между автора и произведението) прев.
Друга информация Георгиев, Христо Димитров
9 (RLIN) 364142
852 ## - Местоположение
Форматна сигнатура Цб 245517
856 4# - Електронен адрес и достъп
Електронен формат pdf - файл
Път до файла /url/
856 4# - Електронен адрес и достъп
Електронен формат pdf - файл
Път до файла /url/
942 ## - АРТИКУЛИ
Вид на библиотечния материал Книги
Скрит в OPAC Не
Koha issues (borrowed), all copies 16
944 ## - СЪЗДАВАНЕ И РЕДАКЦИЯ на ЗАПИСА
Създаване/Редакция Създаване
Дата на регистрацията/редакция 01.10.2009
Статус, дата на статуса Цветелина Шанова
Служител, извършил регистрацията/редакцията 30531
944 ## - СЪЗДАВАНЕ И РЕДАКЦИЯ на ЗАПИСА
Създаване/Редакция Редакция
Дата на регистрацията/редакция 14.04.2015
Статус, дата на статуса ф /
Служител, извършил регистрацията/редакцията Людмила_Стоянова
999 ## - СИСТЕМНИ КОНТРОЛНИ НОМЕРА
Koha biblionumber 87133
Koha biblioitemnumber 87133
Наличности
Код за отписване Код за изгубен артикул Източник на класификационната схема Код за повреда Коз за рестрикции Код за отдаване Артикулен № Име на библиотеката - собственик Име на библиотеката, в която се намира в момента Статус (Текущо местоположение) Дата на вписване в системата Местоположение - отдел Цена в лева Инвентарен номер Систематично азбучна сигнатура Баркод Номер на екземпляра Цена в евро Служебна бележка Служебен тип на артикула
Изтеглен Не е изгубен Universal Decimal Classification Не е повреден без рестрикции заемане за дома 141178 Регионална библиотека "Любен Каравелов" Русе Регионална библиотека "Любен Каравелов" Русе Заемна - подръчен фонд 2009-10-01 Заемна - подръчен фонд 15.00 120000738745 П 820-31/Н 88 120000738745 1 7.67 Дост: Pk Вид: Ф N: 53 Дата: 01.10.2009 Дата инв: 16.02.2018 Бележки инв: П2018 Книги
Изтеглен Не е изгубен Universal Decimal Classification Не е повреден без рестрикции заемане за дома 141179 Регионална библиотека "Любен Каравелов" Русе Регионална библиотека "Любен Каравелов" Русе Заемна - подръчен фонд 2009-10-01 Заемна - подръчен фонд 15.00 120000738746 П 820-31/Н 88 120000738746 2 7.67 Дост: Pk Вид: Ф N: 53 Дата: 01.10.2009 Дата инв: 15.02.2018 Бележки инв: П2018 Книги
  Не е изгубен   Не е повреден без рестрикции ползва се в читалня 141180 Регионална библиотека "Любен Каравелов" Русе Регионална библиотека "Любен Каравелов" Русе Хранилище 2010-10-21 Хранилище 15.00 120000746698 Цб 245517 120000746698 3 7.67 Дост: Dp Вид: Д N: 7 Дата: 03.02.2010 Книги
  Не е изгубен Universal Decimal Classification Не е повреден без рестрикции заемане за дома 141181 Регионална библиотека "Любен Каравелов" Русе Регионална библиотека "Любен Каравелов" Русе Заемна - подръчен фонд 2015-02-27 Заемна - подръчен фонд 15.00 120000785984 П 820-31/Н 88 120000785984 4 7.67 Дост: DA Вид: А N: 6 Дата: 27.02.2015 Книги
Vip Innovations Ltd, Rousse, Bulgaria 2025